「八」がつく市区町村名 - Statistics

General Stats
  • This quiz has been taken 38 times
  • The average score is 18 of 23
Answer Stats
都道府県または市名 市町村名 % Correct
京都府 八幡市
100%
青森県 八戸市
97%
東京都 八王子市
97%
福岡県 八女市
97%
熊本県 八代市
97%
滋賀県 近江八幡市
91%
大阪府 八尾市
91%
東京都 八丈町
91%
岩手県 八幡平市
89%
愛媛県 八幡浜市
89%
千葉県 八千代市
86%
茨城県 八千代町
86%
埼玉県 八潮市
83%
千葉県 八街市
83%
福岡県北九州市 八幡東区
71%
福岡県北九州市 八幡西区
71%
鳥取県 八頭町
69%
岐阜県 安八町
66%
北海道 八雲町
63%
秋田県 八郎潟町
63%
秋田県 八峰町
54%
沖縄県 八重瀬町
51%
岐阜県 八百津町
49%
No matching quizzes found
Score Distribution
Percent of People with Each Score
Percentile by Number Answered
Your Score History
You have not taken this quiz